Soft robots for healthcare applications : (رقم التسجيلة. 42698)

تفاصيل مارك
000 -الفاتح
حقل البيانات ثابتة الطول 01486cam a2200397 i 4500
003 - محدد رقم الضبط
رقم الضبط OSt
005 - وقت وتاريخ اخر تعامل مع التسجيلة
رقم الضبط 20180829192351.0
008 - عناصر البيانات ثابتة الطول - معلومات عامة
حقل البيانات ثابتة الطول 180130t20172017enka b 001 0 eng c
020 ## - الرقم الدولى المعيارى للكتب
الرقم الدولى المعيارى للكتاب 9781785613111
020 ## - الرقم الدولى المعيارى للكتب
الرقم الدولى المعيارى للكتاب 1785613111
020 ## - الرقم الدولى المعيارى للكتب
الرقم الدولى المعيارى للكتاب الملغى /الخاطئ 9781785613128 (PDF)
040 ## - مصدر الفهرسة
وكالة الفهرسة الأصلية NLM
لغة الفهرسة eng
وكالة النسخ NLM
قواعد الوصف rda
وكالة التعديل A7U
-- BTCTA
-- YDX
-- BDX
-- OCLCF
-- OCLCO
-- DLC
042 ## - رمز التحقق
رمز التحقق pcc
050 00 - رقم طلب مكتبة الكونجرس
رقم التصنيف R857.R63
رقم المادة X54 2017
060 00 - رقم الطلب بالمكتبة الطبية الوطنية
رقم التصنيف 2017 H-929
060 10 - رقم الطلب بالمكتبة الطبية الوطنية
رقم التصنيف QT 36.2
082 00 - رقم تصنيف ديوى العشرى
رقم التصنيف 610.28
رقم الطبعة 23
رقم المادة SOR
100 1# - المدخل الرئيسى - إسم شخصى
الإسم الشخصى Xie, Shane,
الدور author.
9 (RLIN) 64628
245 10 - بيان العنوان
العنوان Soft robots for healthcare applications :
بقية العنوان design, modelling, and control /
بيان المسئوليه,etc S. Xie, M. Zhang and W. Meng.
300 ## - الوصف المادى
التعداد xiii, 219 pages :
تفاصيل ماديه اخرى للوعاء illustrations ;
أبعاد الوعاء 24 cm.
490 1# - بيان السلسلة
عنوان السلسلة Healthcare technologies series ;
رقم المجلد/ التعيين التسلسلي 14
504 ## - تبصرة ببليوجرافية
تبصرة ببليوجرافية,الخ Includes bibliographical references and index.
650 #0 - المدخل الاضافى بالموضوع-مصطلح موضوعى
مصطلح موضوعي أو اسم جغرافي كعنصر مدخل Health.
9 (RLIN) 64629
650 #0 - المدخل الاضافى بالموضوع-مصطلح موضوعى
مصطلح موضوعي أو اسم جغرافي كعنصر مدخل Medical care.
9 (RLIN) 64630
650 #0 - المدخل الاضافى بالموضوع-مصطلح موضوعى
مصطلح موضوعي أو اسم جغرافي كعنصر مدخل Robotics in medicine.
9 (RLIN) 64631
650 12 - المدخل الاضافى بالموضوع-مصطلح موضوعى
مصطلح موضوعي أو اسم جغرافي كعنصر مدخل Robotics.
9 (RLIN) 64632
650 #7 - المدخل الاضافى بالموضوع-مصطلح موضوعى
مصطلح موضوعي أو اسم جغرافي كعنصر مدخل Health.
مصدر الرأس أو المصطلح fast
9 (RLIN) 64629
650 #7 - المدخل الاضافى بالموضوع-مصطلح موضوعى
مصطلح موضوعي أو اسم جغرافي كعنصر مدخل Medical care.
مصدر الرأس أو المصطلح fast
9 (RLIN) 64630
650 #7 - المدخل الاضافى بالموضوع-مصطلح موضوعى
مصطلح موضوعي أو اسم جغرافي كعنصر مدخل Robotics in medicine.
مصدر الرأس أو المصطلح fast
9 (RLIN) 64631
700 1# - المدخل الاضافى - اسم شخصى
الإسم الشخصى Zhang, M.
الشكل الأكمل للاسم (Mingming),
الدور author.
9 (RLIN) 64633
700 1# - المدخل الاضافى - اسم شخصى
الإسم الشخصى Meng, Wei,
العنوان والكلمات الأخرى المصاحبة للاسم (Of University of Auckland. Department of Mechanical Engineering),
الدور author.
9 (RLIN) 64634
710 2# - المدخل الاضافى - اسم هيئه
اسم الهيئة أو اسم السلطة كمدخل Institution of Engineering and Technology,
الدور issuing body.
9 (RLIN) 64393
942 ## - عناصر المدخل الإضافي( كوها)
Koha [default] item type كتاب
906 ## - عنصر بيانات محلى F, LDF (RLIN)
a 7
b cbc
c pccadap
d 2
e ncip
f 20
g y-gencatlg
المقتنيات
حالة الفقد نموذج السعر الفعال حالة تلف ليس للاعارة رقم الطلب تاريخ الاكتساب الموقع الحالي الباركود الفرع الرئيسي Date last seen نوع المادة فى نظام كوها مصدر التصنيف او خطة الترفيف Total Checkouts
  2018-08-29     610.28 SOR 2018-08-29 المكتبة المركزية بالمجمعة (CL) 00657574 المكتبة المركزية بالمجمعة (CL) 2018-08-29 كتاب Dewey Decimal Classification  
  2018-08-29     610.28 SOR 2018-08-29 المكتبة المركزية بالمجمعة (CL) 00657575 المكتبة المركزية بالمجمعة (CL) 2018-08-29 كتاب Dewey Decimal Classification  
  2018-09-02     610.28 SOR 2018-09-02 المكتبة المركزية بالمجمعة (CL) 00657613 المكتبة المركزية بالمجمعة (CL) 2018-09-02 كتاب Dewey Decimal Classification  
  2018-09-04     610.28 SOR 2018-09-04 مكتبة كلية العلوم الطبية التطبيقية بالمجمعة - طالبات (AMF) 00657711 مكتبة كلية العلوم الطبية التطبيقية بالمجمعة - طالبات (AMF) 2018-09-04 كتاب Dewey Decimal Classification  
  2018-09-04     610.28 SOR 2018-09-04 مكتبة كلية العلوم الطبية التطبيقية بالمجمعة - طالبات (AMF) 00657712 مكتبة كلية العلوم الطبية التطبيقية بالمجمعة - طالبات (AMF) 2018-09-04 كتاب Dewey Decimal Classification